| 000 | 00619nam a22002177a 4500 | ||
|---|---|---|---|
| 003 | UA-OsUOA | ||
| 001 | 74438 | ||
| 007 | ta | ||
| 008 | 20110411b un ||||| |||| 00| 0 ukr d | ||
| 100 | _aНевмержицька О. | ||
| 090 |
_a82 _bН40 |
||
| 942 | _cSA | ||
| 040 |
_aUA-OsUOA _bukr _cUA-OsUOA _dUA-OsUOA |
||
| 245 | _aРомантичнний світ поезії Г.Гайне | ||
| 300 | _aС.8-14 | ||
| 955 | _a0 | ||
| 041 | _aukr | ||
| 080 | _a82 | ||
| 773 | 0 |
_w74437 _tЗарубіжна література _dК. _d2011 _g12 |
|
| 650 | 7 |
_a82 Література. Літературознавство _2UDC |
|
| 999 |
_c360729 _d360729 |
||